Những định luật bất biến của quảng cáo Bóc trần những sai lầm triệu độ có thể khiến công ty bạn khánh kiệt vì quảng cáo

Đây là cuốn sách hiếm hoi vạch trần những sai lầm tai hại mà giới quảng cáo chuyên nghiệp lẫn các nhà kinh doanh thường xuyên mắc phải, dẫn đến thiệt hại về doanh thu, thậm chí phá sản vì vung tiền tỉ làm quảng cáo...

Полное описание

Сохранить в:
Библиографические подробности
Главный автор: Reeves, Rosser
Другие авторы: Phan, Nguyễn Khánh Đan
Формат:
Язык:Undetermined
Опубликовано: H. Dân trí 2014
Предметы:
Online-ссылка:http://lrc.tdmu.edu.vn/opac/search/detail.asp?aID=2&ID=25035
Метки: Добавить метку
Нет меток, Требуется 1-ая метка записи!
Thư viện lưu trữ: Trung tâm Học liệu Trường Đại học Thủ Dầu Một
LEADER 01167nam a2200229Ia 4500
001 TDMU_25035
008 210410s9999 xx 000 0 und d
082 |a 659.1 
090 |b R201 
100 |a Reeves, Rosser 
245 0 |a Những định luật bất biến của quảng cáo 
245 0 |b Bóc trần những sai lầm triệu độ có thể khiến công ty bạn khánh kiệt vì quảng cáo 
245 0 |c Rosser Reeves; Phan Nguyễn Khánh Đan (dịch) 
260 |a H. 
260 |b Dân trí 
260 |c 2014 
300 |a 215tr. 
520 |a Đây là cuốn sách hiếm hoi vạch trần những sai lầm tai hại mà giới quảng cáo chuyên nghiệp lẫn các nhà kinh doanh thường xuyên mắc phải, dẫn đến thiệt hại về doanh thu, thậm chí phá sản vì vung tiền tỉ làm quảng cáo 
650 |a Quảng cáo  |x Hoạt động 
700 |a Phan, Nguyễn Khánh Đan 
856 |u http://lrc.tdmu.edu.vn/opac/search/detail.asp?aID=2&ID=25035 
980 |a Trung tâm Học liệu Trường Đại học Thủ Dầu Một